On This Day: February 13th Quiz Stats

 Plays Quiz Updated Feb 13, 2017

Support Sporcle.
Go Orange.
Score 0/7 Timer 03:00
0 Plays Today
Question Answer Wrong Answers
This Cincinnati mayor turned tabloid talk show host is born.
1944
Jerry Springer
79.1%
Phil Donahue
6.5%
Maury Povich
6.4%
Montel Williams
3.1%
Following 28 years of war, Spain recognizes the sovereignty of this nation through the signing of a treaty.
1668
Portugal
74.1%
Morocco
11.7%
Catalonia
6.6%
Aragon
4%
This astronomer and mathematician arrives in Rome to face the Inquisition for advocating Heliocentrism.
1633
Galileo
68.5%
Kepler
2.7%
Copernicus
25.1%
Brahe
1.4%
This Middle Eastern city, the capital of the Abbasid Caliphate, is sacked by the Mongols, marking the end of the Islamic Golden Age.
1258
Baghdad
52.9%
Cairo
6%
Tabriz
7.1%
Damascus
33.8%
US President Johnson authorizes the sustained bombing of North Vietnam, known as Operation _____.
1965
Rolling Thunder
49.5%
Eagle Claw
6.3%
Scorched Earth
29.8%
Just Cause
9.2%
Catherine Howard, the _____ wife of Henry VIII, is executed for adultery.
1542
5th
44.1%
6th
9.6%
4th
21.7%
3rd
23.5%
The first public institution of higher learning in the United States opens in the state of _____.
1795
North Carolina
14.3%
New York
13.2%
Massachusetts
62.9%
Rhode Island
5.3%

You're not logged in!

Compare scores with friends on all Sporcle quizzes.
OR
Log In
Forgot?

From the Vault

Original SNL Cast

by SporcleAdmin

Before Lazy Sunday, It's Pat, and Waynes World, there were the original not ready for Prime Time Players.
Remove Ads.
Support Sporcle.
Get the best of Sporcle when you Go Orange. This ad-free experience offers more features, more stats, and more fun while also helping to support Sporcle. Thank you for becoming a member.

Show Comments

Extras

Top Quizzes Today


Score Distribution

Your Account Isn't Verified!

In order to create a playlist on Sporcle, you need to verify the email address you used during registration. Go to your Sporcle Settings to finish the process.

Report this User

Report this user for behavior that violates our Community Guidelines.

Details: